英語の前置詞 - Statistics

General Stats
  • This quiz has been taken 689 times
  • The average score is 24 of 43
Answer Stats
イメージ Answer % Correct
空間の中 in
98%
接触 on
96%
到着点 to
86%
(時間的な)後 after
81%
2つの間 between
79%
下に under
79%
一点 at
78%
(時間的な)前 before
78%
中に入る into
77%
近く near
77%
近接 by
74%
方向 for
74%
共にある with
74%
周り around
73%
横切る across
72%
部分 of
67%
基準よりも上 above
65%
3つ以上の間 among
65%
起点 from
62%
共にない without
61%
後ろ behind
59%
上に over
58%
沿う along
56%
同値 as
55%
テーマ about
49%
経由 via
48%
範囲内 within
47%
すぐ横 beside
44%
基準よりも下 below
42%
貫通 through
42%
対立 against
41%
除外 except
36%
超越 beyond
35%
継続の開始点 since
35%
類似 like
32%
分離 off
32%
継続の終了点 until
32%
期間 during
30%
方向 toward
28%
反対側 opposite
23%
除外 but
20%
接触 upon
16%
譲歩 despite
7%
No matching quizzes found
Score Distribution
Percent of People with Each Score
Percentile by Number Answered
Your Score History
You have not taken this quiz